<?xml version="1.0" encoding="UTF-8"?>
<record
    xmlns:xsi="http://www.w3.org/2001/XMLSchema-instance"
    xsi:schemaLocation="http://www.loc.gov/MARC21/slim http://www.loc.gov/standards/marcxml/schema/MARC21slim.xsd"
    xmlns="http://www.loc.gov/MARC21/slim">

  <leader>01233nam a2200265 i 4500</leader>
  <controlfield tag="001">189012</controlfield>
  <controlfield tag="003">ES-MaACL</controlfield>
  <controlfield tag="005">20250812060045.0</controlfield>
  <controlfield tag="008">190320s2017    sp c         |||| |dspa d</controlfield>
  <datafield tag="100" ind1="1" ind2=" ">
    <subfield code="a">Leguina, Enrique de.</subfield>
    <subfield code="9">71312</subfield>
  </datafield>
  <datafield tag="245" ind1="1" ind2="0">
    <subfield code="a">Epistolario de Enrique de Leguina en la Biblioteca de Men&#xE9;ndez Pelayo / </subfield>
    <subfield code="c">Rosa Fern&#xE1;ndez Lera y Andr&#xE9;s del Rey Sayagu&#xE9;s, editores.</subfield>
  </datafield>
  <datafield tag="246" ind1="3" ind2=" ">
    <subfield code="i">T&#xED;t. del folleto</subfield>
    <subfield code="a">Tractado de los muy se&#xF1;ores Barones de la Vega de Hoz</subfield>
  </datafield>
  <datafield tag="260" ind1=" " ind2=" ">
    <subfield code="a">Santander : </subfield>
    <subfield code="b">Biblioteca de Men&#xE9;ndez Pelayo, </subfield>
    <subfield code="c">2017.</subfield>
  </datafield>
  <datafield tag="300" ind1=" " ind2=" ">
    <subfield code="a">52 p. : </subfield>
    <subfield code="b">1 retr. autor ; </subfield>
    <subfield code="c">22 cm + </subfield>
    <subfield code="e">1 folleto ([12] p.)</subfield>
  </datafield>
  <datafield tag="490" ind1="1" ind2=" ">
    <subfield code="a">De re bibliographica. Men&#xE9;ndez Pelayo y su biblioteca ; </subfield>
    <subfield code="v">11</subfield>
  </datafield>
  <datafield tag="501" ind1=" " ind2=" ">
    <subfield code="a">Con: Tractado de los muy se&#xF1;ores Barones de la Vega de Hoz / Jos&#xE9; Gestoso P&#xE9;rez (reprod. del original de 1891)</subfield>
  </datafield>
  <datafield tag="504" ind1=" " ind2=" ">
    <subfield code="a">Bibliograf&#xED;a: p. 40-50.</subfield>
  </datafield>
  <datafield tag="600" ind1="1" ind2="4">
    <subfield code="a">Leguina, Enrique de-</subfield>
    <subfield code="v">Correspondencia.</subfield>
    <subfield code="9">166630</subfield>
  </datafield>
  <datafield tag="700" ind1="1" ind2=" ">
    <subfield code="a">Fern&#xE1;ndez Lera, Rosa</subfield>
    <subfield code="9">145689</subfield>
  </datafield>
  <datafield tag="700" ind1="1" ind2=" ">
    <subfield code="a">Rey Sayagu&#xE9;s, Andr&#xE9;s del.</subfield>
    <subfield code="9">145690</subfield>
  </datafield>
  <datafield tag="710" ind1="2" ind2=" ">
    <subfield code="a">Biblioteca Men&#xE9;ndez y Pelayo.</subfield>
    <subfield code="9">149029</subfield>
  </datafield>
  <datafield tag="830" ind1="0" ind2=" ">
    <subfield code="a">De re bibliographica. Men&#xE9;ndez Pelayo y su biblioteca</subfield>
    <subfield code="v">11</subfield>
    <subfield code="9">190448</subfield>
  </datafield>
  <datafield tag="852" ind1=" " ind2=" ">
    <subfield code="a">ES-MaACL</subfield>
    <subfield code="j">2338-F-19</subfield>
  </datafield>
  <datafield tag="999" ind1=" " ind2=" ">
    <subfield code="c">189012</subfield>
    <subfield code="d">189012</subfield>
  </datafield>
  <datafield tag="952" ind1=" " ind2=" ">
    <subfield code="0">0</subfield>
    <subfield code="1">0</subfield>
    <subfield code="4">0</subfield>
    <subfield code="7">0</subfield>
    <subfield code="8">Colecci&#xF3;n_de_folletos</subfield>
    <subfield code="a">ATENEOM</subfield>
    <subfield code="b">ATENEOM</subfield>
    <subfield code="c">DEPOF</subfield>
    <subfield code="d">2019-03-20</subfield>
    <subfield code="e">DON</subfield>
    <subfield code="l">0</subfield>
    <subfield code="o">2338-F-19</subfield>
    <subfield code="p">1200180</subfield>
    <subfield code="r">2023-02-23 00:00:00</subfield>
    <subfield code="w">2023-02-23</subfield>
    <subfield code="y">FOLLETOS</subfield>
  </datafield>
</record>
